Les plus grandes villes en Europe • A-Z - Statistiques

Statistiques générales
  • Ce quiz a été pris 742 fois
  • Le résultat moyen est 11 sur 26
Statistiques - réponses
# Population Villes A-Z % Correct
P 2,244,000 Paris
98%
L 8,787,892 Londres
95%
B 3,670,622 Berlin
91%
M 13,197,596 Moscou
90%
R 2,877,215 Rome
81%
A 848,861 Amsterdam
70%
Z 806,920 Zagreb
69%
K 2,909,491 Kiev
68%
V 1,877,836 Vienne
62%
I 14,804,116 Istanbul
61%
S 5,323,300 Saint Petersbourg
59%
N 989,111 Naples
48%
H 1,787,408 Hambourg
47%
T 886,837 Turin
44%
F 732,688 Francfort
38%
C 1,060,582 Cologne
34%
O 999,359 Odessa
15%
E 1,468,833 Ekaterinbourg
14%
W 637,075 Wrocław
13%
G 583,601 Gênes
12%
D 944,552 Donetsk
9%
J 213,000 Jérez de la Frontera
5%
U 1,121,429 Ufa
4%
X 21,501 Xanten
1%
Y 597,161 Yaroslavl
1%
Q 78,273 Queluz
0%
Aucun quiz correspondant
Distribution des résultats
% des personnes avec chaque résultat
Percentile par nombre de réponses
Votre historique - résultats
Vous n’avez pas pris ce quiz